Don Quichotte de la Manche (Record no. 2803)

MARC details
000 -CABECERA
campo de control de longitud fija 01249nam a2200277 a 4500
001 - NÚMERO DE CONTROL
campo de control BRCA_3067
005 - FECHA Y HORA DE LA ÚLTIMA TRANSACCIÓN
campo de control 20190320204108.0
008 - DATOS DE LONGITUD FIJA--INFORMACIÓN GENERAL
campo de control de longitud fija 260109s1806----fr-a---###---#000-0#fre-u
041 ## - CÓDIGO DE LENGUA
Código de lengua del texto/banda sonora o título independiente fre
044 ## - CÓDIGO DEL PAÍS DE LA ENTIDAD EDITORA/PRODUCTORA
Código MARC del país fr
084 ## - OTRO NÚMERO DE CLASIFICACIÓN
Número de clasificación 372
Número de documento/Ítem .G54
-- 1806
100 1# - ENTRADA PRINCIPAL--NOMBRE DE PERSONA
Nombre de persona Cervantes Saavedra, Miguel de
Fechas asociadas al nombre 1547-1616
9 (RLIN) 213
245 10 - MENCIÓN DE TÍTULO
Título Don Quichotte de la Manche
Mención de responsabilidad, etc. Miguel de Cervantes Saavedra.
260 ## - PUBLICACIÓN, DISTRIBUCIÓN, ETC.
Lugar de publicación, distribución, etc. París
Nombre del editor, distribuidor, etc. Gide
Fecha de publicación, distribución, etc. 1806
300 ## - DESCRIPCIÓN FÍSICA
Extensión 6 v.
Otras características físicas il.
Dimensiones 14 cm.
500 ## - NOTA GENERAL
Nota general Contenido : v 1. Primera parte. Advertencia del traductor. Prólogo del autor. Texto. -- v 2. Texto. -- v 3. Texto. -- v 4. Segunda parte. Prefacio del traductor. Prólogo del autor. -- v 5. Texto. -- v 6. Texto
500 ## - NOTA GENERAL
Nota general Edición : Traduit de l´Espagnol de Michel de Cervantes par Florian. Ouvrege posthume. Avec figures
500 ## - NOTA GENERAL
Nota general Reimpresión de la edición anterior. Piel; lomos y planos decorados con dorados; cortes dorados también Lúdovik Osterc
500 ## - NOTA GENERAL
Nota general Estado físico : El volúmen dos de esta edición presenta el lomo desprendido
500 ## - NOTA GENERAL
Nota general QM293
546 ## - NOTA DE LENGUA/LENGUAJE
Nota de lengua/lenguaje Texto en : francés
700 1# - PUNTO DE ACCESO ADICIONAL--NOMBRE DE PERSONA
Nombre de persona Florian, Jean-Pierre Claris de
Fechas asociadas al nombre 1755-1794
Término indicativo de función/relación Traductor
9 (RLIN) 8391
740 0# - PUNTO DE ACCESO ADICIONAL--TÍTULO RELACIONADO O ANALÍTICO NO CONTROLADO
Título relacionado o analítico no controlado El Ingenioso Hidalgo Don Quijote de la Mancha
902 ## - CATALOGADOR
Iniciales QFM
942 ## - ELEMENTOS DE PUNTO DE ACCESO ADICIONAL (KOHA)
Fuente del sistema de clasificación o colocación Library of Congress Classification
Tipo de ítem Koha Libros
Holdings
Estado de retiro Estado de pérdida Estado dañado No para préstamo Localización permanente Ubicación/localización actual Fecha de adquisición Número de inventario Total de préstamos Signatura topográfica completa Código de barras Fecha visto por última vez Precio válido a partir de Tipo de ítem Koha
El ejemplar forma parte de la colección y puede ser consultado según las políticas vigentes.       Biblioteca del Museo Franz Mayer (Rogerio Casas-Alatriste) Biblioteca del Museo Franz Mayer (Rogerio Casas-Alatriste) 26/01/2009 QM293   372 .G54 1806 (QM293) 3064 22/03/2019 22/03/2019 Libros